| 000 | 00684nam a22001937a 4500 | ||
|---|---|---|---|
| 005 | 20240805130241.0 | ||
| 010 | _aENG-141205 | ||
| 020 |
_a9788119936670 _c515.00 |
||
| 035 | _aEN-124737 | ||
| 037 | _aDBAD | ||
| 082 |
_a381.09165 _21 |
||
| 245 |
_aGateways to the Sea: _bHistoric Ports and Docks of Mumbai Region/ _cCompiled by Maritime Mumbai Museum Society |
||
| 250 | _a1 | ||
| 260 |
_aNew Delhi _bPublications Division _c2024 |
||
| 270 |
_aGovernment of India, Soochna Bhawan, CGO Complex, Lodhi Road _bNew Delhi _e110003 |
||
| 300 |
_axiii,185p. _bill.col _c28cm(pb) |
||
| 700 |
_aMaritime Mumbai Museum Society _969459 |
||
| 942 |
_2ddc _cEN _mGAT _h381.09165 |
||
| 999 |
_c204816 _d204816 |
||